Anglo-American cataloguing rules (Record no. 499932)

MARC details
000 -LEADER
fixed length control field 00681nam a2200229Ia 4500
003 - CONTROL NUMBER IDENTIFIER
control field OSt
005 - DATE AND TIME OF LATEST TRANSACTION
control field 20220925181656.0
008 - FIXED-LENGTH DATA ELEMENTS--GENERAL INFORMATION
fixed length control field 220923b |||||||| |||| 00| 0 eng d
020 ## - INTERNATIONAL STANDARD BOOK NUMBER
International Standard Book Number 1856045382
037 ## - SOURCE OF ACQUISITION
Terms of availability General Book
040 ## - CATALOGING SOURCE
Original cataloging agency RTL
Transcribing agency RTL
Language of cataloging eng
041 ## - LANGUAGE CODE
Source of code eng
Language code of text/sound track or separate title eng
100 ## - MAIN ENTRY--PERSONAL NAME
Personal name AMERICAN LIBRARY ASSOCIATION
9 (RLIN) 44426
245 #0 - TITLE STATEMENT
Title Anglo-American cataloguing rules
260 ## - PUBLICATION, DISTRIBUTION, ETC.
Place of publication, distribution, etc. Chicago
Name of publisher, distributor, etc. Ameican Library Association
Date of publication, distribution, etc. 2004
300 ## - PHYSICAL DESCRIPTION
Extent Various Pagination
Dimensions cm.
942 ## - ADDED ENTRY ELEMENTS (KOHA)
Classification part 2:55N67, k7;P4\TD
Koha item type General Books
Source of classification or shelving scheme Colon Classification (CC)
Holdings
Withdrawn status Lost status Damaged status Not for loan Home library Current library Date acquired Total Checkouts Full call number Barcode Date last seen Price effective from Koha item type
        Ratan Tata Library Ratan Tata Library 2022-09-25   2:55N67 k7;P4\TD RTPC010363 2022-09-25 2022-09-25 General Books
Copyright @ Delhi University Library System